NRL Minor and Major Premiers 1998-2025 - Statistics

General Stats
  • This quiz has been taken 134 times
  • The average score is 23 of 28
Answer Stats
Hint Answer % Correct
2020 Panthers/Storm
98%
2011 Storm/Manly
98%
2021 Storm/Panthers
98%
2024 Storm/Panthers
98%
2019 Storm/Roosters
98%
2012 Bulldogs/Storm
97%
2015 Roosters/Cowboys
97%
2014 Roosters/Rabbitohs
97%
2016 Storm/Sharks
97%
2013 Roosters
96%
2018 Roosters
96%
2004 Roosters/Bulldogs
96%
2002 Warriors/Roosters
96%
2003 Panthers
94%
2022 Panthers
94%
2023 Panthers
94%
2017 Storm
94%
2005 Eels/Tigers
93%
1998 Broncos
89%
2000 Broncos
89%
2025 Raiders/ N/A Major Preimiership
89%
2010 Dragons
77%
1999 Sharks/Melbourne Storm
72%
2007 N/A
49%
2006 N/A Minor Prem Broncos
47%
2008 N/A Minor Prem Sea Eagles
47%
2001 Eels,Knights
3%
2009 Dragons N/A Major Prem
2%
No matching quizzes found
Score Distribution
Percent of People with Each Score
Percentile by Number Answered
Your Score History
You have not taken this quiz